000 00625nam a2200205 4500
001 133365
003 ES-MaACL
005 20230906194404.0
007 t|
008 070214s1963 sp r ||||1| spa d
100 1 _aRudloff-Hille, Gertrud.
_9100493
245 1 0 _aStaatsgalerie, Dresde /
_cGertrud Rudloff-Hille ; versión española revisada por Marcial Olivar.
260 _aPamplona :
_bSalvat,
_c1963.
300 _a160 p. ;
_c28 cm.
490 1 _aMuseos y monumentos
700 1 _aOlivar, Marcial.
_986759
830 0 _aMuseos y monumentos
_9186910
852 _aES-MaACL
_jC-25840
_bR.54427
999 _c133365
_d133365